00434nam a2200133Ia 450000500170000000800410001704100080005810000220006624500230008826000340011130000200014599900190016595201160018420251223131551.0251219s9999 xx 000 0 und d aeng aDickens C9214365 aTale of two cities bRupa Publication/ Indiac1999 a416bPaper Back c369494d369494 00104070aHIMRbHIMRd2025-12-11g150.00l0pHIMR-DB-3240r2025-12-23 13:15:51v75.00w2025-12-23yDBzDB3240